000 00400nam a2200157Ia 4500
008 190717s9999 xx 000 0 und d
100 _aReuters
245 _aNorth Korea preparing toned-down military parade/
245 _cReuters
260 _bManila Bulletin
260 _c2018
300 _aPage A11, September 2
440 _aManila Bulletin
650 _aMilitary
650 _aNorth Korea
999 _c361996
_d361996